[Event "Autumn Cup 2024 Round Robin A"]
[Site "Wellington Chess Club"]
[Date "2024.06.06"]
[Round "1.1"]
[White "Croad, Nicolas"]
[Black "Archer, Ollie"]
[Result "1-0"]
[WhiteElo "2405"]
[BlackElo "2189"]
[WhiteFideId "4300793"]
[BlackFideId "4306295"]
[PlyCount "0"]
[EventDate "2024.05.23"]
[SourceDate ""]

1. d4 Nf6 2. c4 e6 3. Nc3 d5 4. cxd5 exd5 5. Bg5 c6 6. e3 Bd6 7. Bd3 O-O 8. Qc2
h6 9. Bh4 Re8 10. Nf3 Be6 11. O-O Nbd7 12. Rab1 a5 13. a3 Qb8 14. Bg3 b5 15.
Nd2 Bxg3 16. hxg3 Nb6 17. a4 Nc4 18. Rbc1 Ng4 19. Rfe1 Qb6 20. Nb3 Nf6 21. Nc5
Nd7 22. Nxd7 Bxd7 23. axb5 cxb5 24. Nxd5 Qb7 25. e4 Rac8 26. Qe2 Bc6 27. Bxc4
bxc4 28. Nc3 Rcd8 29. Rcd1 Qb3 30. d5 Bb7 31. Rd4 Ba6 32. e5 Rb8 33. Rd2 Bc8
34. d6 Bf5 35. Nd5 Bd3 36. Qg4 Kh7 37. Re3 Qa2 38. d7 Red8 39. e6 fxe6 40. Rxe6
Qb1+ 41. Rd1 Qxb2 42. Rxd3 cxd3 43. Qe4+ Kh8 44. Re8+ Rxe8 45. dxe8=Q+ Rxe8 46.
Qxe8+ Kh7 47. Qe4+ 1-0

[Event "Autumn Cup 2024 Round Robin A"]
[Site "Wellington Chess Club"]
[Date "2024.05.23"]
[Round "1.2"]
[White "Ker, Anthony F"]
[Black "Cilia Vincenti, David"]
[Result "1/2-1/2"]
[WhiteElo "2354"]
[BlackElo "2191"]
[WhiteFideId "4300084"]
[BlackFideId "5600197"]
[PlyCount "0"]
[EventDate "2024.05.23"]
[SourceDate ""]

1. e4 e5 2. Nf3 Nc6 3. d4 exd4 4. Bc4 Nf6 5. e5 d5 6. Bb5 Nd7 7. O-O Be7 8. Re1
O-O 9. Bxc6 bxc6 10. Nxd4 Nb8 11. Qf3 c5 12. Nf5 Bxf5 13. Qxf5 Nc6 14. Nd2 Nd4
15. Qd3 Ne6 16. Nf1 c4 17. Qg3 d4 18. Nd2 Qd5 19. Ne4 f5 20. exf6 Bxf6 21.
Nxf6+ Rxf6 22. Qe5 Rd8 23. Bd2 Rg6 24. Qxd5 Rxd5 25. Re4 Ng5 26. Rg4 h5 27. Rg3
Kf7 28. Re1 Re6 29. Rxe6 Nxe6 30. Kf1 Rb5 31. b3 c3 32. Bc1 Ra5 33. a3 Rb5 34.
Ke2 Re5+ 35. Kd1 Rf5 36. Ke2 Re5+ 37. Kd1 Rf5 38. Ke2 1/2-1/2

[Event "Autumn Cup 2024 Round Robin A"]
[Site "Wellington Chess Club"]
[Date "2024.05.23"]
[Round "1.3"]
[White "Dive, Russell J"]
[Black "Winter, Ryan"]
[Result "1/2-1/2"]
[WhiteElo "2312"]
[BlackElo "2294"]
[WhiteFideId "4300106"]
[BlackFideId "4306295"]
[PlyCount "0"]
[EventDate "2024.05.23"]
[SourceDate ""]

1. c4 e6 2. g3 d5 3. Bg2 Nf6 4. Nf3 Be7 5. O-O O-O 6. d4 dxc4 7. Nc3 c5 8. dxc5
Qa5 9. Qa4 Qxa4 10. Nxa4 Bd7 11. Nc3 Bc6 12. Ne5 Bxg2 13. Kxg2 Bxc5 14. Nxc4
Nc6 15. Rd1 Rfd8 16. Bf4 Rxd1 17. Rxd1 Rd8 18. Rxd8+ Nxd8 19. Bd6 Bxd6 20. Nxd6
Kf8 21. e4 a6 22. e5 Nd7 23. f4 f6 24. exf6 gxf6 25. Kf3 Nb6 26. b3 Ke7 27.
Nde4 Nd7 28. Ke3 Nc6 29. h3 Nb4 30. g4 f5 31. Ng5 Nf6 32. gxf5 exf5 33. Kd4
Nc6+ 34. Kc4 h6 35. Nf3 Kd6 36. Nh4 Ne7 37. a4 Nh5 38. Ng2 Ng7 39. b4 Ne6 40.
a5 Kc6 41. b5+ axb5+ 42. Nxb5 Kd7 43. Nd4 Nxd4 44. Kxd4 Kd6 45. Ne3 Nc6+ 46.
Kc4 Nxa5+ 47. Kb5 Nc6 48. Nxf5+ Ke6 49. Nxh6 Nd4+ 50. Kb6 Ne2 51. f5+ Kf6 52.
h4 Ng3 53. Kxb7 Nxf5 54. Nxf5 Kxf5 55. h5 Kg5 56. h6 Kxh6 1/2-1/2

[Event "Autumn Cup 2024 Round Robin A"]
[Site "Wellington Chess Club"]
[Date "2024.05.30"]
[Round "2.1"]
[White "Archer, Ollie"]
[Black "Winter, Ryan"]
[Result "1/2-1/2"]
[WhiteElo "2189"]
[BlackElo "2294"]
[WhiteFideId "4317262"]
[BlackFideId "4306295"]
[PlyCount "0"]
[EventDate "2024.05.23"]
[SourceDate ""]

1. d4 Nf6 2. c4 e6 3. Nf3 d5 4. Nc3 Bb4 5. Bg5 h6 6. Bxf6 Qxf6 7. e3 c6 8. Rc1
Nd7 9. cxd5 exd5 10. Bd3 O-O 11. O-O Qe7 12. Qc2 Bd6 13. e4 dxe4 14. Nxe4 Nf6
15. Rfe1 Nxe4 16. Bxe4 Qd8 17. Ne5 Be6 18. Rcd1 Qc7 19. g3 Rad8 20. Bh7+ Kh8
21. Bf5 Bd5 22. Be4 Bb4 23. Re3 Bxe4 24. Qxe4 Rd5 25. a3 Bd6 26. Rc1 Kg8 $6 {
Inaccuracy. Bxe5 was best. }  (26... Bxe5 27. dxe5 Qd7 28. Rce1 Re8 29. b4 Kg8
30. Qc4 Qf5 31. Qc3 Qe6 32. Kg2) 27. Qxd5 cxd5 28. Rxc7 Bxc7 29. Nd7 Rd8 30.
Nc5 b6 31. Na6 Bd6 32. Rc3 Rd7 33. Rc8+ Kh7 34. Kf1 Kg6 35. Ke2 Kf5 36. Kf3 h5
37. Nb4 Bxb4 38. axb4 g6 39. Rc6 f6 40. h4 Re7 41. Rd6 Re1 42. Rxd5+ Ke6 43.
Rd8 Rb1 44. Ra8 Rxb2 45. Rxa7 Rxb4 46. Ke4 Rb2 47. Ke3 Kf5 48. Re7 Rb3+ 49. Ke2
b5 50. d5 Rc3 51. Rb7 Rc5 52. d6 Rd5 53. d7 Ke6 54. Rxb5 Rxd7 1/2-1/2

[Event "Autumn Cup 2024 Round Robin A"]
[Site "Wellington Chess Club"]
[Date "2024.06.27"]
[Round "2.2"]
[White "Cilia Vincenti, David"]
[Black "Dive, Russell J"]
[Result "1-0"]
[WhiteElo "2191"]
[BlackElo "2312"]
[WhiteFideId "5600197"]
[BlackFideId "4300106"]
[PlyCount "123"]
[EventDate "2024.05.23"]
[SourceDate ""]

1. Nf3 c5 2. c4 Nc6 3. d4 cxd4 4. Nxd4 Nf6 5. Nc3 e6 6. g3 Bb4 7. Bg2 O-O 8.
O-O a6 9. Nb3 Qc7 10. Bf4 Ne5 11. Qd4 d6 12. c5 Bxc3 13. bxc3 Nc6 14. Qxd6 Qxd6
15. cxd6 Nd5 16. Bd2 Ne5 17. e4 Nb6 18. Be3 Nec4 19. Bxb6 Nxb6 20. e5 Nc4 21.
Rfe1 Rb8 22. Rad1 Rd8 23. Rd4 b5 24. Nc5 Bd7 25. Nxa6 Rb6 26. Nb4 Rc8 27. f4
Nb2 28. Rc1 Kf8 29. Rc2 Na4 30. Rd3 Ke8 31. Re3 Kd8 32. Kf2 Rc5 33. Ke2 Bc8 34.
Kd2 Bb7 35. Bxb7 Rxb7 36. Na6 Rc6 37. Nc7 Nb6 38. Ke2 Nc4 39. Rd3 Kd7 40. Kf3
Rc5 41. Na6 Rc8 42. Nc7 Rcb8 43. Ke4 g6 44. g4 Rb6 45. f5 gxf5+ 46. gxf5 Rg8
47. fxe6+ fxe6 48. Rg3 Rxg3 49. hxg3 Rc6 50. Rh2 Rc5 51. Rxh7+ Kc6 52. Rh5
Nxd6+ 53. Kd3 Nc4 54. Kd4 Nb6 55. Nxe6 Rc4+ 56. Kd3 Nd5 57. Nd4+ Kc5 58. Ne2 b4
59. Rh4 Rxh4 60. gxh4 bxc3 61. Nxc3 Ne7 62. Ke4 1-0

[Event "Autumn Cup 2024 Round Robin A"]
[Site "Wellington Chess Club"]
[Date "2024.05.30"]
[Round "2.3"]
[White "Croad, Nicolas"]
[Black "Ker, Anthony F"]
[Result "1-0"]
[WhiteElo "2405"]
[BlackElo "2354"]
[WhiteFideId "4300793"]
[BlackFideId "4300084"]
[PlyCount "0"]
[EventDate "2024.05.23"]
[SourceDate ""]

1. d4 Nf6 2. c4 e6 3. Nc3 Bb4 4. e3 b6 5. Ne2 Ba6 6. Qa4 c5 7. a3 Bxc3+ 8. Nxc3
Bb7 9. dxc5 bxc5 10. Qc2 O-O 11. Bd3 Nc6 12. O-O Rc8 13. b3 Qe7 14. Bb2 Ne5 15.
Be2 d5 16. Rad1 Rfd8 17. Nb1 Ng6 18. Rfe1 Rd7 19. cxd5 Nxd5 20. Nd2 Nb6 21. Nf3
Rdc7 22. Bc3 c4 23. b4 Nd5 24. Bd4 a5 25. Bc5 Rxc5 26. bxc5 Qxc5 27. Rd4 c3 28.
Rb1 Bc6 29. Ba6 Ra8 30. Rc4 Qxa3 31. Rxc6 Nb4 32. Qe4 Nxc6 33. Qxc6 Rd8 34. Nd4
e5 35. Ne2 Qb2 36. Nxc3 Qc2 37. Qc7 Rf8 38. Qxa5 Nh4 39. Qa4 Nf3+ 40. gxf3 Qxc3
41. Qe4 f5 42. Qc4+ Qxc4 43. Bxc4+ Kh8 44. Rb5 Re8 45. Bf7 Rf8 46. Rxe5 1-0

[Event "Autumn Cup 2024 Round Robin A"]
[Site "Wellington Chess Club"]
[Date "2024.06.07"]
[Round "3.1"]
[White "Ker, Anthony F"]
[Black "Archer, Ollie"]
[Result "0-1"]
[WhiteElo "2354"]
[BlackElo "2189"]
[WhiteFideId "4300084"]
[BlackFideId "4317262"]
[PlyCount "0"]
[EventDate "2024.05.23"]
[SourceDate ""]

1. e4 c6 2. d4 d5 3. exd5 cxd5 4. Nf3 Nc6 5. Bb5 a6 6. Bxc6+ bxc6 7. Ne5 Bd7 8.
Nd2 Nf6 9. O-O e6 10. Nb3 Bd6 11. Bf4 Qc7 12. Qf3 O-O 13. Nd3 Rae8 14. Nbc5
Bxf4 15. Qxf4 Qxf4 16. Nxf4 Bc8 17. Rfe1 Nd7 18. Nfd3 Nxc5 19. Nxc5 f6 20. f4
Kf7 21. Re3 Ke7 22. Ra3 Kd6 23. Nxa6 e5 24. fxe5+ fxe5 25. dxe5+ Rxe5 26. Nb4
c5 27. Nd3 Re2 28. b4 c4 29. Ne1 Rff2 30. Rf3 Rxf3 31. gxf3 Bd7 32. a4 Kc6 33.
f4 Kb6 34. a5+ Ka6 35. c3 d4 36. cxd4 Bc6 37. Rc1 Bd5 38. Kf1 Rxh2 39. Rc2 Rh1+
40. Kf2 Kb5 41. Rc1 Kxb4 42. a6 Rh2+ 43. Ke3 Rh3+ 44. Kf2 Rh2+ 45. Ke3 Ra2 46.
Rb1+ Kc3 47. Rc1+ Kb2 48. Rc2+ Kb3 49. Rxa2 Kxa2 50. Nc2 Kb2 51. Kd2 Be4 52. a7
c3+ 53. Ke3 Bb7 54. Nb4 c2 55. Nd3+ Kb1 {time} 0-1

[Event "Autumn Cup 2024 Round Robin A"]
[Site "Wellington Chess Club"]
[Date "2024.06.06"]
[Round "3.3"]
[White "Winter, Ryan"]
[Black "Cilia Vincenti, David"]
[Result "1/2-1/2"]
[WhiteElo "2294"]
[BlackElo "2191"]
[WhiteFideId "4306295"]
[BlackFideId "5600197"]
[PlyCount "0"]
[EventDate "2024.05.23"]
[SourceDate ""]

1. e4 c5 2. Nf3 Nc6 3. d4 cxd4 4. Nxd4 e5 5. Nb5 d6 6. c4 g6 7. N1c3 a6 8. Na3
Bg7 9. Nd5 Nf6 10. Be3 Nd4 11. Bd3 O-O 12. O-O Nd7 13. Qd2 Nc5 14. Nc2 Be6 15.
Rad1 a5 16. f3 a4 17. Be2 Bxd5 18. cxd5 Nxe2+ 19. Qxe2 b6 20. Nb4 f5 21. Nc6
Qc7 22. Qc2 Qd7 23. h3 h5 24. Ra1 f4 25. Bd2 g5 26. b4 Nb7 27. Kf2 Bf6 28. Ke2
Rf7 29. Rac1 Rg7 30. Kd3 Kf7 31. Kc3 g4 32. hxg4 hxg4 33. Rh1 a3 34. Qd3 gxf3
35. gxf3 Rag8 36. Kb3 Rg3 37. Rh7+ R8g7 38. Rxg7+ Kxg7 39. Rc3 Nd8 40. Nxd8
Bxd8 41. Kxa3 Qh3 42. Kb3 Rg2 43. a4 Qh1 44. Rc1 Qh2 45. Rc2 Qh1 46. Rc1 Qh2
1/2-1/2

[Event "Autumn Cup 2024 Round Robin A"]
[Site "Wellington NZL"]
[Date "2024.06.13"]
[Round "4.1"]
[White "Archer, Ollie"]
[Black "Cilia Vincenti, David"]
[Result "1-0"]
[WhiteElo "2189"]
[BlackElo "2191"]
[WhiteFideId "4317262"]
[BlackFideId "5600197"]
[PlyCount "0"]
[EventDate "2024.05.23"]
[SourceDate ""]

1. d4 f5 2. Bg5 h6 3. Bh4 g5 4. e3 Bg7 5. Bg3 c5 6. c3 Qb6 7. Qb3 Qxb3 8. axb3
cxd4 9. Bxb8 Rxb8 10. exd4 a6 11. h4 d6 12. hxg5 hxg5 13. Rxh8 Bxh8 14. Nd2 e5
15. dxe5 dxe5 16. O-O-O Ne7 17. Nc4 Be6 18. Nf3 Bxc4 19. Bxc4 g4 20. Ng5 Bf6
21. Nf7 Kf8 22. Be6 Kg7 23. Rd7 Kg6 24. Nd8 b5 25. b4 Rb6 26. Bf7+ Kg7 27. Bb3
Bg5+ 28. Kc2 Bf6 29. Ne6+ Kg6 30. Nc5 f4 31. Ra7 Kf5 32. Kd2 Bg5 33. Bc2+ 1-0

[Event "Autumn Cup 2024 Round Robin A"]
[Site "Wellington NZL"]
[Date "2024.06.13"]
[Round "4.2"]
[White "Croad, Nicolas"]
[Black "Winter, Ryan"]
[Result "1-0"]
[WhiteElo "2405"]
[BlackElo "2294"]
[WhiteFideId "4300793"]
[BlackFideId "4306295"]
[PlyCount "0"]
[EventDate "2024.05.23"]
[SourceDate ""]

1. e4 d5 2. exd5 Qxd5 3. Nc3 Qd8 4. d4 Nf6 5. Nf3 Bg4 6. h3 Bxf3 7. Qxf3 c6 8.
Be3 e6 9. Bd3 Bb4 10. O-O O-O 11. Ne4 Nbd7 12. a3 Be7 13. Ng3 Re8 14. Rad1 Qc7
15. Rfe1 Rad8 16. c4 Bf8 17. Bd2 e5 18. Bc3 exd4 19. Bxd4 Bd6 20. Nh5 Nxh5 21.
Qxh5 g6 22. Qh6 Bf8 23. Qh4 b6 24. Bc2 h6 25. Bc3 Bg7 26. Re7 Qc8 27. Bxg6 Bxc3
28. Bxf7+ Kf8 29. Bxe8 Bf6 30. Qh5 Ne5 31. Rxd8 Qxd8 32. Rxe5 1-0

[Event "Autumn Cup 2024 Round Robin A"]
[Site "Wellington NZL"]
[Date "2024.06.13"]
[Round "4.3"]
[White "Ker, Anthony F"]
[Black "Dive, Russell J"]
[Result "0-1"]
[WhiteElo "2354"]
[BlackElo "2312"]
[WhiteFideId "4300084"]
[BlackFideId "4300106"]
[PlyCount "0"]
[EventDate "2024.05.23"]
[SourceDate ""]

1. e4 e5 2. d4 exd4 3. Nf3 Bb4+ 4. c3 dxc3 5. bxc3 Bc5 6. Bc4 Ne7 7. Ng5 d5 8.
exd5 O-O 9. Ne4 Bb6 10. Ba3 Re8 11. O-O Ng6 12. Nbd2 Ne5 13. Bb3 Bg4 14. Qc2
Nbd7 15. Rae1 Qh4 16. c4 f5 17. c5 fxe4 18. cxb6 axb6 19. Bb2 Nf3+ 20. gxf3
Bxf3 21. Qxc7 Ne5 22. Bxe5 Qg4+ 23. Bg3 Qh3 24. Nxf3 exf3 25. Rxe8+ Rxe8 26.
d6+ Kh8 27. d7 Qg2# 0-1

[Event "Autumn Cup 2024 Round Robin A"]
[Site "Wellington NZL"]
[Date "2024.06.20"]
[Round "5.1"]
[White "Dive, Russell J"]
[Black "Archer, Ollie"]
[Result "1/2-1/2"]
[WhiteElo "2312"]
[BlackElo "2189"]
[WhiteFideId "4300106"]
[BlackFideId "4317262"]
[PlyCount "0"]
[EventDate "2024.05.23"]
[SourceDate ""]

1. Nf3 d5 2. g3 Nf6 3. Bg2 e6 4. O-O c5 5. b3 Nc6 6. Bb2 Bd6 7. d4 cxd4 8. Nxd4
e5 9. Nxc6 bxc6 10. c4 Bb7 11. cxd5 cxd5 12. Nc3 Bb8 13. Ba3 Bd6 14. Bxd6 Qxd6
15. e4 d4 16. f4 Rd8 17. Nb5 Qc5 18. fxe5 d3+ 19. Rf2 Nxe4 20. Bxe4 Qxb5 21.
Qf3 Rd7 22. e6 fxe6 23. Rd1 Bxe4 24. Qxe4 Qd5 25. Qf4 Qd4 26. Qf3 Qd5 27. Qf4
Qd6 28. Qe4 Qd5 29. Qf4 Qd6 30. Qe4 1/2-1/2

[Event "Autumn Cup 2024 Round Robin A"]
[Site "Wellington Chess Club"]
[Date "2024.06.20"]
[Round "5.2"]
[White "Winter, Ryan"]
[Black "Ker, Anthony F"]
[Result "1/2-1/2"]
[WhiteElo "2294"]
[BlackElo "2354"]
[WhiteFideId "4306295"]
[BlackFideId "4300084"]
[PlyCount "0"]
[EventDate "2024.05.23"]
[SourceDate ""]

1. e4 c5 2. Nf3 g6 3. d4 cxd4 4. Nxd4 Nc6 5. c4 Nf6 6. Nc3 d6 7. Be2 Nxd4 8.
Qxd4 Bg7 9. Bg5 O-O 10. Qe3 Qb6 11. Qd2 Be6 12. Rc1 Rfc8 13. b3 Qa5 14. O-O a6
15. Bf3 Rab8 16. a4 Qb4 17. Qa2 Nd7 18. Bd2 Qb6 19. a5 Qd8 20. Na4 Bd4 21. Rfd1
Qf8 22. Bg5 Ba7 23. h3 f6 24. Bd2 Ne5 25. Be2 Qe8 26. Rf1 Qc6 27. Qb1 f5 28.
exf5 Bxf5 29. Qb2 Rf8 30. c5 Nd3 31. Bxd3 Bxd3 32. Rfe1 Rf7 33. Be3 dxc5 34.
Bxc5 Bxc5 35. Rxc5 Qf6 36. Rc7 Bb5 37. Rexe7 Qxe7 38. Rxe7 Rxe7 39. Nb6 Rd8 40.
Qc3 Re2 41. Qc5 Rd1+ 42. Kh2 Rf1 43. Kg3 Rfxf2 44. Qxf2 Rxf2 45. Kxf2 Kf7 46.
g3 Ke6 47. Ke3 Ke5 48. h4 h6 49. Nc8 g5 50. hxg5 hxg5 51. Nb6 Be8 52. b4 Bb5
53. Nc8 Bc4 54. Nb6 Bf1 55. Nc8 Bh3 56. Nb6 Bf1 57. Nc8 Kd5 58. Nb6+ Ke5 59.
Na4 1/2-1/2

[Event "Autumn Cup 2024 Round Robin A"]
[Site "Wellington NZL"]
[Date "2024.06.20"]
[Round "5.3"]
[White "Cilia Vincenti, David"]
[Black "Croad, Nicolas"]
[Result "0-1"]
[WhiteElo "2191"]
[BlackElo "2405"]
[WhiteFideId "5600197"]
[BlackFideId "4300793"]
[PlyCount "0"]
[EventDate "2024.05.23"]
[SourceDate ""]

1. c4 e6 2. g3 d5 3. Bg2 Nf6 4. Nf3 Be7 5. O-O O-O 6. d4 c6 7. Qc2 b6 8. Ne5
Nfd7 9. Nd3 Nf6 10. Ne5 Bb7 11. Nc3 Nfd7 12. Nxd7 Nxd7 13. cxd5 cxd5 14. e4
dxe4 15. Nxe4 Rc8 16. Qa4 Bc6 17. Qa6 Nb8 18. Qd3 Bd5 19. Rd1 Nd7 20. Bf4 Nf6
21. Rac1 Nxe4 22. Bxe4 Bxe4 23. Qxe4 Qd5 24. Qxd5 exd5 25. a3 f6 26. h4 Kf7 27.
Bc7 Ke6 28. Rc3 Kd7 29. Rdc1 Rfe8 30. f3 h5 31. Kf2 Bf8 32. Bf4 Rxc3 33. Rxc3
Rc8 34. Rxc8 Kxc8 35. g4 g6 36. g5 fxg5 37. Bxg5 Bg7 38. Ke3 Kd7 39. a4 Kc6 40.
Kd3 a6 41. b3 b5 42. Kc3 Bf8 43. Bf6 Kd7 44. Kd3 Ke6 45. Bg5 Kf5 46. axb5 axb5
47. Kc3 Bd6 48. Bh6 Be7 0-1

[Event "Autumn Cup 2024 Round Robin B"]
[Site "Wellington Chess Club"]
[Date "2024.05.27"]
[Round "1.1"]
[White "Timergazi, Layla"]
[Black "Jackson, L Ross"]
[Result "1-0"]
[WhiteElo "2186"]
[BlackElo "1939"]
[WhiteFideId "4303733"]
[BlackFideId "4301501"]
[PlyCount "0"]
[EventDate "2024.05.23"]
[SourceDate ""]

1. d4 d5 2. Nc3 Nf6 3. Bf4 e6 4. Nb5 Na6 5. e3 c6 6. Nc3 Nc7 7. Nf3 Bd6 8. Ne5
Qe7 9. Bd3 Bd7 10. a4 Rc8 11. Qf3 O-O 12. Bg5 Nce8 13. Qg3 Qd8 14. O-O Be7 15.
f4 c5 16. dxc5 Rxc5 17. Rf3 Ne4 18. Nxe4 dxe4 19. Bxe4 f5 20. Bd3 Bxg5 21. fxg5
Bc6 22. Nxc6 Rxc6 23. Qh4 g6 24. Rh3 Rf7 25. b3 Rd6 26. Rf1 Nc7 27. e4 Rd4 28.
Qg3 Rfd7 29. exf5 gxf5 30. g6 hxg6 31. Qxg6+ Rg7 32. Qh5 {time} 1-0

[Event "Autumn Cup 2024 Round Robin B"]
[Site "Wellington Chess Club"]
[Date "2024.05.23"]
[Round "1.2"]
[White "Young, Cohen"]
[Black "Nicholls, Leighton"]
[Result "1-0"]
[WhiteElo "2083"]
[BlackElo "1973"]
[WhiteFideId "4317440"]
[BlackFideId "4303776"]
[PlyCount "0"]
[EventDate "2024.05.23"]
[SourceDate ""]

1. e4 e6 2. d4 d5 3. Nc3 Bb4 4. e5 c5 5. a3 Ba5 6. b4 cxb4 7. Nb5 Nc6 8. Qf3
Qe7 9. axb4 Bb6 10. c3 Bd7 11. Nd6+ Kf8 12. b5 Nb4 13. Ra4 1-0

[Event "Autumn Cup 2024 Round Robin B"]
[Site "Wellington Chess Club"]
[Date "2024.05.23"]
[Round "1.3"]
[White "Winsley, Nicholas"]
[Black "Sellen, Ian"]
[Result "1-0"]
[WhiteElo "2067"]
[BlackElo "1999"]
[WhiteFideId "4315146"]
[BlackFideId "4300610"]
[PlyCount "0"]
[EventDate "2024.05.23"]
[SourceDate ""]

1. d4 d5 2. Nf3 e6 3. e3 c5 4. b3 cxd4 5. exd4 Nc6 6. Bb2 Nf6 7. Nbd2 Bd7 8.
Bd3 Bd6 9. O-O Qc7 10. a3 a5 11. Re1 O-O 12. Ne5 Ne7 13. c4 Ne8 14. Ndf3 f6 15.
c5 Bxe5 16. dxe5 f5 17. Rc1 Nc6 18. g4 g6 19. gxf5 gxf5 20. Ng5 Bc8 21. Qh5 Qg7
22. Re3 Qg6 23. Qh4 Rf7 24. Rg3 Rg7 25. Be2 h6 26. Ne4 Qh7 27. Nf6+ Nxf6 28.
exf6 Rxg3+ 29. Qxg3+ Kf8 30. Qd6+ Kg8 31. Bh5 1-0

[Event "Autumn Cup 2024 Round Robin B"]
[Site "Wellington Chess Club"]
[Date "2024.05.30"]
[Round "2.1"]
[White "Jackson, L Ross"]
[Black "Sellen, Ian"]
[Result "0-1"]
[WhiteElo "1939"]
[BlackElo "1999"]
[WhiteFideId "4301501"]
[BlackFideId "4300610"]
[PlyCount "0"]
[EventDate "2024.05.23"]
[SourceDate ""]

1. d4 d5 2. c4 e6 3. Nc3 Nf6 4. cxd5 exd5 5. Bg5 c6 {Opening: D35: Queen's
Gambit Declined, Exchange Variation, Positional Variation c6} 6. e3 Bf5 7. Bd3
Bg6 8. Bxg6 hxg6 9. Nf3 Nbd7 10. Qd3 Bb4 11. a3 Qa5 12. Rc1 Bxc3+ 13. Qxc3
Qxc3+ 14. bxc3 b5 15. Nd2 Nb6 16. Bxf6 gxf6 17. Ke2 Kd7 18. h4 f5 19. Nb3 Kd6
20. g3 a5 21. Ra1 a4 22. Nc5 Rae8 23. Nd3 Nc4 24. Nc5 Re7 25. Rhe1 f4 26. gxf4
Rxh4 27. Nd3 g5 28. fxg5 Rg4 29. Ne5 Nxe5 30. dxe5+ Rxe5 31. Rg1 Rexg5 32. Rxg4
Rxg4 33. Rh1 Rg6 34. Rh7 Rf6 35. f4 Ke7 36. Rh8 Rg6 37. Rc8 Kd6 38. Rf8 f6 39.
Kd3 Kc5 40. f5 Rh6 41. Rf7 Kd6 42. Rf8 c5 43. Rb8 c4+ 44. Kd2 Rh2+ 45. Kd1 Ra2
46. Rxb5 Rxa3 47. Kc2 Rb3 48. Ra5 a3 49. Ra8 Ke5 50. Rd8 Rb2+ 51. Kc1 Re2 0-1

[Event "Autumn Cup 2024 Round Robin B"]
[Site "Wellington Chess Club"]
[Date "2024.05.30"]
[Round "2.2"]
[White "Nicholls, Leighton"]
[Black "Winsley, Nicholas"]
[Result "1-0"]
[WhiteElo "1973"]
[BlackElo "2067"]
[WhiteFideId "4303776"]
[BlackFideId "4315146"]
[PlyCount "0"]
[EventDate "2024.05.23"]
[SourceDate ""]

1. e4 c6 2. d4 d5 3. e5 Bf5 4. Nf3 e6 5. Bd3 Ne7 6. O-O Nd7 7. b3 Bxd3 8. Qxd3
Nf5 9. Bb2 h5 10. c4 Be7 11. Nc3 O-O 12. cxd5 cxd5 13. Nxd5 Qa5 14. Nxe7+ Nxe7
15. Bc3 Qb6 16. Rfd1 Rfd8 17. Rac1 Nb8 18. Ng5 g6 19. Qf3 Rf8 20. g4 hxg4 21.
Qxg4 Kg7 22. Rd3 Nbc6 23. Qh4 Rh8 24. Nxe6+ fxe6 25. Qf6+ Kg8 26. Qxe6+ Kg7 27.
d5 Raf8 28. Rc2 Rxh2 29. dxc6 Rfxf2 30. Qxe7+ Rf7+ 31. Bd4 Rxe7 32. Bxb6 Rxc2
33. Rd7 Rxc6 34. Rxe7+ Kf8 35. Bd8 1-0

[Event "Autumn Cup 2024 Round Robin B"]
[Site "Wellington Chess Club"]
[Date "2024.05.30"]
[Round "2.3"]
[White "Timergazi, Layla"]
[Black "Young, Cohen"]
[Result "1-0"]
[WhiteElo "2186"]
[BlackElo "2083"]
[WhiteFideId "4303733"]
[BlackFideId "4317440"]
[PlyCount "0"]
[EventDate "2024.05.23"]
[SourceDate ""]

1. e3 Nf6 2. b3 g6 3. Bb2 Bg7 4. c4 O-O 5. Nf3 c5 6. d4 cxd4 7. exd4 d5 8. Be2
Nc6 9. O-O Bg4 10. Ne5 Bxe2 11. Qxe2 Rc8 12. Rd1 Re8 13. Nc3 e6 14. Na4 Nd7 15.
Nf3 dxc4 16. bxc4 Qa5 17. Nc3 Qa6 18. Nb5 Na5 19. c5 b6 20. Ng5 bxc5 21. dxc5
Rxc5 22. Nxf7 Bxb2 23. Nh6+ Kh8 24. Qxb2+ e5 25. Nd6 Rb8 26. Qd2 Nf6 27. Qg5
Rf8 28. Nhf7+ Kg7 29. Qh6+ Kg8 30. Rab1 Qe2 31. Qh4 Rxf7 32. Nxf7 Kxf7 33. Rd6
Nh5 34. Rd7+ Ke6 35. Qe7+ Kf5 36. Qxc5 Nf4 37. Qe3 Qg4 38. Qf3 Qxf3 39. gxf3
Nc6 40. Rf7+ Ke6 41. Rxh7 Nd4 42. Rxa7 Nxf3+ 43. Kh1 e4 44. Rb6+ Kf5 45. Rf7+
Kg4 46. Rxf4+ 1-0

[Event "Autumn Cup 2024 Round Robin B"]
[Site "Wellington Chess Club"]
[Date "2024.07.18"]
[Round "3.1"]
[White "Young, Cohen"]
[Black "Jackson, L Ross"]
[Result "1-0"]
[WhiteElo "2083"]
[BlackElo "1939"]
[WhiteFideId "4317440"]
[BlackFideId "4301501"]
[PlyCount "0"]
[EventDate "2024.05.23"]
[SourceDate ""]

1. Nf3 Nf6 2. c4 e6 3. e3 d5 4. b3 Bd6 5. Bb2 O-O 6. Nc3 Nbd7 7. Rc1 a6 8. d4
dxc4 9. bxc4 c5 10. Be2 cxd4 11. exd4 Re8 12. Na4 Bb4+ 13. Kf1 Be7 14. Qb3 Ne4
15. Bd3 Nef6 16. h3 (16. Qc2 Nb6 17. Nc3 Qc7) 16... Rb8 (16... Qc7 17. Qc2 Nb6)
17. Qc2 Nb6 18. Nc3 Qc7 19. Ne4 Nxe4 20. Bxe4 h6 21. d5 Qd8 22. Be5 Ra8 23. d6
Bf6 24. Bxf6 Qxf6 25. g3 Nd7 26. c5 Qd8 27. Rb1 Rb8 28. Kg2 f5 29. Bd3 Ra8 30.
Rhd1 Qa5 31. c6 bxc6 32. Qxc6 Ra7 33. Rdc1 Qd8 34. Bc4 Nf8 35. Ne5 Bd7 36. Qc5
Qa8+ 37. Kg1 Rc8 38. Qe3 Re8 39. Qb6 Rd8 40. Bf1 Bb5 41. Bg2 {Black loses on
time} 1-0

[Event "Autumn Cup 2024 Round Robin B"]
[Site "Wellington Chess Club"]
[Date "2024.06.07"]
[Round "3.2"]
[White "Winsley, Nicholas"]
[Black "Timergazi, Layla"]
[Result "1-0"]
[WhiteElo "2067"]
[BlackElo "2186"]
[WhiteFideId "4315146"]
[BlackFideId "4303733"]
[PlyCount "0"]
[EventDate "2024.05.23"]
[SourceDate ""]

1. d4 Nf6 2. c4 c5 3. d5 b5 4. cxb5 a6 5. bxa6 e6 6. Nc3 exd5 7. Nxd5 Be7 8.
Bf4 Nxd5 9. Qxd5 Nc6 10. e4 Qb6 11. Qb3 Qxb3 12. axb3 Nd4 13. Bd3 Nxb3 14. Ra4
O-O 15. Bc4 Nd4 16. Ne2 Nc2+ 17. Kd2 Nb4 18. Rha1 d6 19. Nc3 Be6 20. Bd5 Bxd5
21. Nxd5 Nxd5 22. exd5 Rfb8 23. R1a2 Ra7 24. b4 cxb4 25. Be3 Raa8 26. a7 Rb5
27. Rb2 Bd8 28. Kd3 Rxd5+ 29. Kc4 Re5 30. Rbxb4 Bc7 31. Rb7 d5+ 32. Kc5 d4+ 33.
Kxd4 Rd8+ 34. Kc3 Ra5 35. Rxa5 Bxa5+ 36. Kc4 1-0

[Event "Autumn Cup 2024 Round Robin B"]
[Site "Wellington Chess Club"]
[Date "2024.06.07"]
[Round "3.3"]
[White "Sellen, Ian"]
[Black "Nicholls, Leighton"]
[Result "1/2-1/2"]
[WhiteElo "1999"]
[BlackElo "1973"]
[WhiteFideId "4300610"]
[BlackFideId "4303776"]
[PlyCount "0"]
[EventDate "2024.05.23"]
[SourceDate ""]

1. c4 Nf6 2. Nc3 g6 3. g3 Bg7 4. Bg2 O-O 5. e4 d6 6. Nge2 c5 7. d4 Nc6 8. O-O
Bd7 9. dxc5 dxc5 10. Be3 Qa5 11. Qc1 Rfd8 12. Rd1 e5 13. Bg5 Bg4 14. Rxd8+ Rxd8
15. f3 Be6 16. Nd5 Bxd5 17. cxd5 Nd4 18. Nxd4 cxd4 19. Bd2 Qb6 20. Bf1 Bf8 21.
Bd3 Rd7 22. Rb1 Bb4 23. Bg5 Rc7 24. Qd1 Kg7 25. a3 Bd6 26. Kg2 h6 27. Bd2 a6
28. b4 Qa7 29. f4 b5 30. Qf3 Qb7 31. Rf1 Qc8 32. h3 Nh7 33. h4 f6 34. f5 Qe8
35. Rh1 g5 36. g4 Bf8 37. Qh3 Kg8 38. Bb1 Qf7 39. Qd3 Qg7 40. Ba2 Bd6 41. Kf3
Nf8 42. Bb3 Qf7 43. hxg5 hxg5 44. Rh5 Qe8 45. Qf1 Rh7 46. Qh3 Qf7 47. Rxh7 Qxh7
48. Qxh7+ Kxh7 49. a4 Nd7 50. Ke2 Kg7 51. Kd3 1/2-1/2